Alle iPhones - Statistiken

Allgemein
  • Dieses Quiz wurde 377 mal gespielt
  • Das Durchschnittsergebnis liegt bei 15 aus 24
Antwortstatistiken
Hint Antwort % Korrekt
2007 iPhone
100%
2010 iPhone 4
90%
2012 iPhone 5
90%
2017 iPhone X
90%
2014 iPhone 6
89%
2016 iPhone 7
87%
2019 iPhone 11
86%
2017 iPhone 8
83%
2015 iPhone 6s
72%
2013 iPhone 5s
70%
2011 iPhone 4s
67%
2018 iPhone XS
65%
2019 iPhone 11 pro
60%
2016 iPhone SE
60%
2018 iPhone XR
53%
2019 iPhone 11 pro Max
49%
2016 iPhone 7 Plus
47%
2014 iPhone 6 Plus
46%
2008 iPhone 3g
45%
2017 iPhone 8 Plus
45%
2009 iPhone 3gs
35%
2013 iPhone 5c
31%
2015 iPhone 6s Plus
30%
2018 iPhone XS Max
30%
Keine übereinstimmenden Quizze gefunden
Verteilung der Resultate
Anzahl Personen mit jedem Resultat
Perzentil nach korrekt beantworteten Fragen
Ihre Resultats-Entwicklung
Sie haben dieses Quiz noch nicht gespielt